[Event "Excaliburs-Kings"]
[Site "?"]
[Date "2002.12.19"]
[Round "?"]
[White "Sullivan, Jim"]
[Black "Wallach, Cliff"]
[Result "0-1"]
[WhiteElo "1781"]
[BlackElo "2029"]
[PlyCount "82"]

1. d4 d5 2. c4 c6 3. e3 Nf6 4. Nc3 e6 5. Nf3 Bd6 6. h3 Nbd7 7. Bd3 O-O 8. O-O
dxc4 9. Bxc4 e5 10. dxe5 Nxe5 11. Nxe5 Bxe5 12. Qe2 Qe7 13. a4 b6 14. f4 $2 {
Another Pawn blocks his Bishop, meanwhile e4 is a hole for opposing Knight and
Black can force a Pawn weakness. Black is already close to a win.} 14... Bxc3
$1 15. bxc3 Ne4 16. Ba3 c5 17. Bd5 $2 Nxc3 18. Qf3 Nxd5 19. Qxd5 Qxe3+ {
a bit too easy} 20. Kh2 Ba6 21. Rf3 Qe7 22. Bb2 Rfd8 23. Qh5 $2 Be2 24. Qg4 f6
25. Raa3 Bxf3 26. Qxf3 Re8 27. Qg4 Qe2 $1 {
hits loose Bishop, forcing Queen trade} 28. Rg3 Qxg4 29. Rxg4 Kf7 30. f5 Re2
31. Bc1 Rd8 32. Bf4 Rd4 33. Kg3 Rxa4 34. Kh4 Ree4 35. g3 c4 36. Kh5 c3 37. h4
c2 38. Bh6 Rxg4 39. Bxg7 Rxg7 (39... Kxg7 $4 $11) (39... c1=Q 40. Bxf6 Kxf6 $4
$11) 40. g4 Rgxg4 41. Kh6 Rxh4# 0-1

[Event "Kings-Excaliburs"]
[Site "?"]
[Date "2002.12.19"]
[Round "?"]
[White "Gryparis, John"]
[Black "Brotsos, Jim"]
[Result "0-1"]
[WhiteElo "1482"]
[BlackElo "1527"]
[PlyCount "44"]

1. e4 c5 2. a3 Nf6 3. Nc3 d6 4. Bc4 Nc6 5. Nge2 g6 6. O-O Bg7 7. h3 O-O 8. Kh1
a6 9. d3 b5 10. Bd5 Nxd5 11. Nxd5 e6 12. Ndc3 Bb7 13. Bd2 Rc8 14. Rb1 Re8 15.
Qc1 Ne7 16. Bg5 f6 17. Bh6 Bh8 18. h4 d5 19. Ng3 dxe4 20. Ncxe4 Nf5 21. Qf4 e5
22. Qg4 Nxh6 {White thought too long, forgetting the obvious Queen hanging.
After touching g3-Knight, resigned.} 0-1

[Event "Excaliburs-Kings"]
[Site "?"]
[Date "2002.12.19"]
[Round "?"]
[White "Suerth, Frank"]
[Black "Goncharoff, Nic"]
[Result "0-1"]
[WhiteElo "1518"]
[BlackElo "1665"]
[PlyCount "52"]

1. d4 d5 2. Nc3 e6 3. Nf3 Nc6 4. a3 h6 5. Bf4 Nf6 6. e3 a6 7. Ne5 Nxe5 8. Bxe5
Bd6 9. Bxd6 Qxd6 10. g3 Bd7 11. Bg2 c5 12. Qe2 cxd4 13. exd4 O-O 14. O-O Qb6
15. Qd3 Rac8 16. b4 Qc7 17. Nxd5 (17. Ne2 Qxc2 {idea of Bb5}) 17... exd5 18.
Rfc1 Qc3 19. Qd1 Rc4 20. Qe1 Qxe1+ 21. Rxe1 Rxc2 22. h3 Re8 23. Rxe8+ Bxe8 24.
Re1 Kf8 25. Re3 Rc1+ 26. Bf1 $2 Bb5 0-1

[Event "Kings-UOP"]
[Site "?"]
[Date "2002.11.18"]
[Round "?"]
[White "Melnikov, Igor"]
[Black "Stevanovic, Mike"]
[Result "1/2-1/2"]
[WhiteElo "2058"]
[BlackElo "2216"]
[PlyCount "29"]

1. d4 d6 2. c4 Nd7 3. Nf3 e5 4. e3 f5 5. dxe5 dxe5 6. Nc3 Ngf6 7. Qa4 c6 8. b4
Bd6 9. Bb2 Qe7 10. c5 Bc7 11. Nd2 O-O 12. e4 Nxe4 13. Ncxe4 fxe4 14. Bc4+ Kh8
15. Nxe4 1/2-1/2

[Event "Kings-UOP"]
[Site "?"]
[Date "2002.11.18"]
[Round "?"]
[White "Samelson, Chris"]
[Black "Buerger, Ed"]
[Result "*"]
[WhiteElo "1943"]
[BlackElo "2024"]
[PlyCount "70"]

1. e4 c5 2. Nf3 Nc6 3. d4 cxd4 4. Nxd4 g6 5. c4 Bg7 6. Be3 Nf6 7. Nc3 O-O 8.
Be2 d6 9. O-O Bd7 10. Rc1 Qc8 11. f3 Ne8 12. Nd5 Qd8 13. Qd2 Nc7 14. Rc2 Ne6
15. Nb5 a6 16. Bb6 Qc8 17. Nbc7 Rb8 18. Nxe6 Bxe6 19. Be3 Qd8 20. b4 f5 21. b5
axb5 22. cxb5 Ne5 23. Bb6 Qe8 24. Nc7 Qf7 25. f4 Nc4 26. Bxc4 Bxc4 27. Rfc1
Bxb5 28. Nxb5 fxe4 29. Na7 Qxf4 30. Qd5+ Rf7 31. Rc8+ Rxc8 32. Rxc8+ Bf8 33.
Qd1 Rf5 34. Qe2 Rd5 35. Rc4 Rd2 {time scramble, no more moves recorded} *

[Event "UOP-Kings"]
[Site "?"]
[Date "2002.11.18"]
[Round "?"]
[White "Boldingh, Ed"]
[Black "Piperia, Jankesh"]
[Result "0-1"]
[WhiteElo "1902"]
[BlackElo "1865"]
[PlyCount "61"]

1. e4 e6 2. d4 d5 3. e5 c5 4. c3 Nc6 5. Nf3 Qb6 6. Bd3 cxd4 7. cxd4 Bd7 8. O-O
Nxd4 9. Nxd4 Qxd4 10. Nc3 Qb6 11. a4 a6 12. a5 Qc7 13. Be3 Ne7 14. Bb6 Qxe5 15.
Re1 Qd6 16. Bc2 Rc8 17. Bb3 Bc6 18. Ne4 Qd7 19. Nc5 Qd6 20. Bc2 Ng6 21. g3 Be7
22. Qh5 O-O 23. f4 Bf6 24. Rad1 Bxb2 25. Ne4 Qe7 26. Bc5 Qd7 27. Ng5 h6 28.
Nxf7 Qxf7 29. Bxg6 Qf6 30. Bxf8 Rxf8 31. h3 0-1

[Event "King-UOP"]
[Site "?"]
[Date "2002.11.18"]
[Round "?"]
[White "Goncharoff, Nic"]
[Black "Lechnick, Jay"]
[Result "1/2-1/2"]
[WhiteElo "1665"]
[BlackElo "1712"]
[PlyCount "59"]

1. e4 e6 2. Nf3 d5 3. e5 c5 4. Bb5+ Bd7 5. Bxd7+ Nxd7 6. c3 Ne7 (6... c4 {
Black got a wonderful game this way. See November 2002 Bulletin games.}) 7. d4
Nf5 8. O-O Be7 9. Re1 O-O 10. a3 c4 11. Nbd2 Kh8 12. Nf1 Rg8 13. Ne3 g6 14. h3
Nxe3 15. Bxe3 g5 16. Nh2 Qe8 17. Ng4 Rg6 18. f3 Qf8 19. Qd2 h5 20. Nh2 f5 21.
exf6 Qxf6 22. Bf2 Bd6 23. Qe2 Kg7 (23... Bxh2+ 24. Kxh2 g4 25. hxg4 (25. Kh1
gxh3 26. gxh3 Rf8) 25... hxg4 26. fxg4 Rag8 27. Bg3 Rxg4) 24. Nf1 h4 25. Nh2
Re8 26. Ng4 Qf5 27. Rac1 Kh7 28. Qc2 Qxc2 29. Rxc2 Bf4 30. Rce2 1/2-1/2

[Event "UOP-Kings"]
[Site "?"]
[Date "2002.11.18"]
[Round "?"]
[White "Micklich, Frank"]
[Black "Gryparis, John"]
[Result "1-0"]
[WhiteElo "1644"]
[BlackElo "1482"]
[PlyCount "47"]

1. e4 c6 2. d4 e6 3. Nc3 Bb4 4. Nf3 Nf6 5. Bd3 O-O 6. Bg5 Be7 7. h3 d6 8. Qe2
Kh8 9. O-O-O Ng8 10. h4 h6 11. Be3 b5 12. b3 a5 13. e5 b4 14. Na4 Bd7 15. exd6
Bxd6 16. Nc5 Bc8 17. Ne5 Ne7 18. Qh5 Bxe5 19. dxe5 Nf5 20. Bxf5 Qxd1+ 21. Rxd1
exf5 22. Bg5 Ra7 23. Bf6 Rg8 24. Qxh6# 1-0

[Event "UOP-Knights"]
[Site "?"]
[Date "2002.12.10"]
[Round "?"]
[White "Stevanovic, Mike"]
[Black "Morris, Rob"]
[Result "1/2-1/2"]
[WhiteElo "2210"]
[BlackElo "2138"]
[PlyCount "55"]

1. Nc3 d5 2. e4 d4 3. Nce2 e5 4. Ng3 Bd7 5. Nf3 Bd6 6. Be2 h6 7. Nh5 Kf8 8. O-O
g6 9. Ng3 Ne7 10. c3 c5 11. b4 b6 12. bxc5 bxc5 13. cxd4 cxd4 14. d3 Nbc6 15.
Ne1 Kg7 16. f4 f5 17. exf5 Nxf5 18. Nxf5+ Bxf5 19. Bf3 Rc8 20. Qa4 Qd7 21. Bb2
Rc7 22. fxe5 Nxe5 23. Qxd7+ Rxd7 24. Bxd4 Bc7 25. Bb2 Kh7 26. Be4 Bxe4 27. dxe4
Re8 28. Rb1 1/2-1/2

[Event "Knights-UOP"]
[Site "?"]
[Date "2002.12.10"]
[Round "?"]
[White "Fridman, Yuri"]
[Black "Buerger, Ed"]
[Result "1-0"]
[WhiteElo "2130"]
[BlackElo "2032"]
[PlyCount "57"]

1. e4 c5 2. Nf3 Nc6 3. d4 cxd4 4. Nxd4 g6 5. c4 Bg7 6. Be3 Nf6 7. Nc3 O-O 8.
Be2 {Diagram #} 8... b6 9. O-O Bb7 10. f4 d6 11. Bf3 {Diagram #} 11... Qd7 12.
Rc1 Rfd8 13. Nd5 Nxd5 14. cxd5 Nxd4 15. Bxd4 {Diagram #} 15... Rac8 16. Bxg7
Rxc1 17. Qxc1 Kxg7 {Diagram #} {and, since Rc8 is coming....} 18. Qd1 Qc7 19.
Qd4+ Kg8 {Diagram #} 20. Bg4 $1 {Black can't immediately activate his Rook}
20... Qc5 21. Rd1 Bc8 22. Be2 Rd7 {Diagram #} 23. Qxc5 dxc5 {
Probably hoping to eventually make an outside passer.} 24. Kf2 Bb7 25. Ke3 {
Diagram #} 25... f5 $6 26. exf5 gxf5 27. Bd3 $1 {Diagram #} 27... Bxd5 $2 (
27... Rxd5 $5 28. Bc4 e6 29. Bxd5 exd5 {Diagram # Is interesting because Black
can make the requisite connected passers as compensation. But will the Rook
make inroads on the e-file ?} 30. Re1 (30. Kd3 d4 31. g3 Be4+ 32. Kc4 a6) 30...
d4+ 31. Kf2 Be4) 28. Bxf5 $1 {Diagram # The threat is Rxd5 to setup Be6+ fork.
Yet the Bishop also hits the Rook, of course!} 28... e6 $2 {
oddly, the Pawn is pinned!!} 29. Rxd5 $1 {Diagram # anyhow!!} 1-0

[Event "UOP-Knights"]
[Site "?"]
[Date "2002.12.10"]
[Round "?"]
[White "Revellon, Lucas"]
[Black "Thomson, Jim"]
[Result "1/2-1/2"]
[WhiteElo "1965"]
[BlackElo "1997"]
[PlyCount "98"]

1. Nf3 d5 2. d4 Nf6 3. c4 e6 4. Nc3 Be7 5. cxd5 exd5 6. Bg5 c6 7. e3 (7. Qc2)
7... Bf5 8. Be2 Nbd7 9. Nh4 Be6 10. Nf3 O-O 11. Bd3 h6 12. Bh4 Ne8 13. Bg3 Bd6
14. Rb1 Bg4 15. b4 Qf6 16. Be2 Bf5 17. Rb2 b5 18. Nh4 Bh7 19. O-O Qe7 20. Bd3
Bxg3 21. hxg3 Bxd3 22. Qxd3 Nd6 23. Nf5 Nxf5 24. Qxf5 Nb6 25. Re1 a5 26. bxa5
Rxa5 27. Rc2 Rfa8 28. Ree2 Qb4 29. Qd3 Ra3 30. Qd2 Qa5 31. Nb1 Ra4 32. Qxa5
R8xa5 33. Rxc6 Nc4 34. Nc3 Ra3 35. Nxd5 Rxa2 36. Rxa2 Rxa2 37. Nc3 Rb2 38. Nxb5
Nxe3 39. fxe3 Rxb5 40. Kf2 Kf8 41. Rc7 g6 42. Kf3 Rf5+ 43. Ke2 Rg5 44. Kf2 Rf5+
45. Ke1 Rg5 46. Kf2 Rf5+ 47. Kg1 Rg5 48. Kh2 Rh5+ 49. Kg1 Rg5 {3-fold rep}
1/2-1/2

[Event "Knights-UOP"]
[Site "?"]
[Date "2002.12.10"]
[Round "?"]
[White "Balicki, Jeff"]
[Black "Lechnick, Jay"]
[Result "1-0"]
[WhiteElo "1729"]
[BlackElo "1708"]
[PlyCount "91"]

1. e4 e6 2. d4 d5 3. e5 c5 4. c3 Nc6 5. Ne2 Nge7 6. Nd2 Nf5 7. Nf3 Be7 8. g3 g5
9. Be3 cxd4 10. cxd4 Nxe3 11. fxe3 Bd7 12. Nc3 a6 13. a3 O-O 14. Bd3 f6 15.
Nxg5 fxg5 16. Qh5 Rf7 17. O-O-O Be8 18. Qh6 Qd7 19. Rhf1 Rg7 20. Rf6 Bxf6 21.
exf6 Rg6 22. Bxg6 hxg6 (22... Bxg6 23. Rf1 Rf8) 23. Rf1 Qh7 24. Qxh7+ Kxh7 25.
f7 Bxf7 26. Rxf7+ Kh6 27. Rxb7 e5 28. Rb6 exd4 29. Rxc6 dxc3 30. Rxc3 Rf8 31.
Rc2 Kh5 32. Kd2 Kg4 33. Kd3 Rf5 34. Kd4 Kh3 35. Rc5 Kxh2 36. Rc2+ Kh3 37. b4
Rf6 38. Rc3 Kg2 39. Kxd5 Kxg3 40. e4+ Kh4 41. e5 Rb6 42. e6 Rb8 43. e7 Kg4 44.
Ke6 Rb6+ 45. Kd7 Rb5 46. e8=Q 1-0

[Event "UOP-Knights"]
[Site "?"]
[Date "2002.12.10"]
[Round "?"]
[White "Sacks, David"]
[Black "Augsburger, Len"]
[Result "1-0"]
[WhiteElo "1805"]
[BlackElo "1762"]
[PlyCount "95"]

1. Nf3 d5 2. c4 c6 3. b3 Nf6 4. Bb2 e6 5. g3 Be7 6. Bg2 O-O 7. O-O c5 8. d4
dxc4 9. bxc4 Nc6 10. e3 Qc7 11. Nbd2 b6 12. Nb3 Rd8 13. a3 Bb7 14. Qc2 cxd4 15.
exd4 Rac8 16. Rac1 Nb8 17. Ne5 Bxg2 18. Kxg2 Qb7+ 19. f3 Nbd7 20. Kf2 Nxe5 21.
dxe5 Nd7 22. Rfd1 Nc5 23. Nxc5 Bxc5+ 24. Kg2 Qe7 25. a4 a5 26. Rxd8+ Rxd8 27.
Rd1 h6 28. Bc3 Qc7 29. Rxd8+ Qxd8 30. Qd2 Qxd2+ 31. Bxd2 Bd4 32. f4 Kf8 33. Kf3
Ke7 34. Ke4 Bc5 35. g4 Kd7 36. h4 Kc6 {
If the King could reach b4, a4 will fall.} 37. f5 Bf2 (37... Be7 38. h5 Kc5 39.
f6 gxf6 40. Bxh6 fxe5 41. Kxe5 Kxc4 42. Bg7 Bg5 43. h6 Bxh6 44. Bxh6 Kb3 45.
Kf6 Kxa4 46. Kxf7 {the White Pawn is faster}) 38. h5 Bh4 (38... Kc5 39. Kd3 Bg3
40. Bc3) 39. f6 $3 {A new trick (to me)!} 39... gxf6 40. Bxh6 fxe5 (40... Kc5
41. Bg7) 41. Kxe5 f6+ 42. Kxe6 Kc5 43. Be3+ Kxc4 44. Bxb6 Bg5 (44... Kb4 $4 45.
h6) 45. Bxa5 Kb3 46. Bd8 Kxa4 47. Bxf6 Bh6 48. g5 1-0

[Event "Knights-UOP"]
[Site "?"]
[Date "2002.12.10"]
[Round "?"]
[White "Benfarado, Ed"]
[Black "Van Zile, Charlie"]
[Result "1-0"]
[WhiteElo "1578"]
[BlackElo "1345"]
[PlyCount "49"]

1. f4 Nc6 2. b3 d6 3. Bb2 e5 4. Nf3 exf4 5. Nc3 Bg4 6. h4 Bxf3 7. exf3 Be7 8.
Qe2 Nd4 9. Qe4 Ne6 10. O-O-O c6 11. h5 Nf6 12. Qf5 Qd7 13. Ne2 Nd5 14. c4 Nb4
15. a3 Na6 16. Nxf4 Bf6 17. Bxf6 gxf6 18. Qxf6 Nxf4 19. Qxh8+ Ke7 20. Re1+ Ne6
21. Qxa8 Nac5 22. Kc2 Kf6 23. Qh8+ Ng7 24. h6 Qf5+ 25. d3 1-0

[Event "Knights"]
[Site "?"]
[Date "2002.12.10"]
[Round "?"]
[White "Phelps, Doug"]
[Black "Marshall, Kevin"]
[Result "1-0"]
[WhiteElo "1155"]
[BlackElo "1396"]
[PlyCount "91"]

1. d4 e6 2. Nf3 d5 3. Bg5 Be7 4. Bxe7 Qxe7 5. c3 Nf6 6. e3 c5 7. Bd3 b6 8. Nbd2
c4 9. Bc2 Nc6 10. O-O h6 11. Re1 O-O 12. e4 dxe4 13. Nxe4 Nxe4 14. Bxe4 Bb7 15.
Qa4 Na5 16. Ne5 Bxe4 17. Rxe4 Qb7 18. Rae1 f5 19. R4e2 Qd5 20. Qd7 (20. Ng6 Rf6
(20... Rfe8 21. Nf4) 21. Nf4) 20... Kh7 21. Qxd5 exd5 22. Nd7 Rf7 23. Re7 Rxe7
24. Rxe7 Rd8 25. Ne5 a6 26. Rf7 Re8 27. Rxf5 Nc6 28. f4 (28. Nxc6 $4 Re1#)
28... Nd8 29. Kf2 b5 30. Nd7 Ne6 31. Re5 Nc7 32. Nc5 a5 33. Nb7 Re6 34. Kf3
Rxe5 35. fxe5 (35. dxe5 {idea Ke3-d4}) 35... b4 36. Nxa5 bxc3 37. bxc3 Ne6 38.
Kg4 Ng5 39. Kf5 Kg8 40. e6 Kf8 41. Ke5 Ne4 42. Kxd5 Nxc3+ 43. Kxc4 Nxa2 44. d5
Ke7 45. Nc6+ Ke8 46. d6 1-0

[Event "Dragons-Fermilab"]
[Site "?"]
[Date "2002.12.19"]
[Round "?"]
[White "Tegel, F."]
[Black "Spiegel, Lenny"]
[Result "1/2-1/2"]
[WhiteElo "2096"]
[BlackElo "1972"]
[PlyCount "44"]

1. d4 Nf6 2. c4 g6 3. Nc3 d5 4. Nf3 Bg7 5. e3 O-O 6. Be2 c5 7. O-O dxc4 8. Bxc4
Nbd7 9. a3 a6 10. Bd2 b5 11. Be2 Bb7 12. Rc1 Rc8 13. dxc5 Nxc5 14. Nd4 e5 15.
Nf3 Qe7 16. b4 Nce4 17. Nxe4 Nxe4 18. Qb3 Rfd8 19. Rxc8 Rxc8 20. Rc1 Rd8 21.
Be1 Ng5 22. Nxg5 Qxg5 1/2-1/2

[Event "Fermilab-Dragons"]
[Site "?"]
[Date "2002.12.19"]
[Round "?"]
[White "Gomez, G."]
[Black "Pehas, A."]
[Result "1/2-1/2"]
[WhiteElo "1783"]
[BlackElo "1931"]
[PlyCount "37"]

1. e4 c6 2. d4 d5 3. exd5 cxd5 4. c4 Nf6 5. Nc3 Nc6 6. Bg5 Be6 7. Bxf6 gxf6 8.
cxd5 Bxd5 9. Nxd5 Qxd5 10. Nf3 Qa5+ 11. Qd2 Qxd2+ 12. Nxd2 Nxd4 13. Rc1 Nc6 14.
Bb5 Rc8 15. O-O Bh6 16. Rc2 O-O 17. Bxc6 Rxc6 18. Rxc6 bxc6 19. Nc4 1/2-1/2

[Event "Dragons-Fermilab"]
[Site "?"]
[Date "2002.12.19"]
[Round "?"]
[White "Altshuller, Dmitry"]
[Black "Ailes, Tim"]
[Result "0-1"]
[WhiteElo "1777"]
[BlackElo "1608"]
[PlyCount "56"]

1. e4 c5 2. Nf3 g6 3. d4 cxd4 4. Nxd4 Nf6 5. Nc3 d6 6. Be3 Bg7 7. f3 O-O 8. Qd2
Nc6 9. O-O-O {Diagram #} 9... Bd7 10. g4 Qa5 11. h4 h5 12. gxh5 Nxh5 13. Nxc6
bxc6 {Diagram #} 14. Bd4 Bxd4 15. Qxd4 c5 16. Qe3 Be6 {Diagram #} 17. a3 (17.
Kb1 Rab8) 17... Rab8 18. Nd5 Rb7 19. Bc4 Rfb8 {Diagram #} 20. Qh6 Bxd5 (20...
Rxb2 $4 21. Nxe7#) 21. Bxd5 Rxb2 22. Qxg6+ Ng7 {Diagram #} 23. Bxf7+ (23. Qxf7+
Kh8 24. Bb3 Qxa3 25. Kd2 (25. Rhg1 $2 {Diagram #} 25... R2xb3+ (25... Rg8 $4
26. Qxg8#) 26. Kd2 Qb2 $1 {Diagram # protecting g7 and pinning c2-Pawn} (26...
Qa5+ 27. Ke2) (26... Rg8 27. Qxb3) 27. Rb1 $2 Qd4+) 25... Qb4+) 23... Kf8 {
Diagram #} 24. Bb3 $2 {idea of Qf7#, of course} 24... R2xb3 {WHITE RESIGNED}
25. Rdg1 (25. cxb3 $4 Qc3+ 26. Kb1 Rxb3+ 27. Ka2 Qb2#) 25... Qxa3+ {Diagram #}
26. Kd1 (26. Kd2 Qb4+ 27. Ke2 Qc4+ {Diagram #} 28. Kf2 Qxc2+) 26... Rb1+ (26...
Qa1+ {Diagram #} 27. Ke2 {both Qa1 and Rb3 hang}) 27. Ke2 Rxg1 28. Rxg1 {
Diagram #} 28... Qc3 0-1

[Event "Fermilab-Rooks"]
[Site "?"]
[Date "2002.10.29"]
[Round "?"]
[White "Gaines, Irwin"]
[Black "Hill, Bob"]
[Result "0-1"]
[WhiteElo "1751"]
[BlackElo "2051"]
[PlyCount "90"]

1. d4 d5 2. c4 e6 3. Nc3 Be7 4. Nf3 h6 5. Bf4 Nf6 6. e3 O-O 7. cxd5 exd5 8. Qc2
c6 9. Bd3 Be6 10. O-O Nbd7 11. h3 Ne8 12. Rab1 f5 13. Ne5 Nxe5 14. Bxe5 Nd6 15.
Ne2 Ne4 16. f3 Nd6 17. Nf4 Qd7 18. Ng6 Rf7 19. Nxe7+ Rxe7 20. Qc5 Nf7 21. f4 b6
22. Qa3 Nxe5 23. fxe5 Rf8 24. Rbc1 Qe8 25. Rxc6 Ref7 26. Qd6 Bd7 27. Rc7 Bb5
28. Rxf7 Rxf7 29. Bxb5 Qxb5 30. Qe6 Qd3 31. Qc8+ Rf8 32. Qe6+ Kh7 33. Qxd5
Qxe3+ 34. Kh2 f4 35. Qd6 Rf5 36. e6 Qg3+ 37. Kh1 Rg5 38. Rg1 Qe3 39. Rf1 Qe2
40. Rg1 f3 41. Qe5 Rxe5 42. dxe5 f2 43. e7 fxg1=Q+ 44. Kxg1 Qxe5 45. e8=Q Qxe8
0-1

[Event "Rooks-Fermilab"]
[Site "?"]
[Date "2002.10.29"]
[Round "?"]
[White "Baurac, Dave"]
[Black "Gomez, G."]
[Result "0-1"]
[WhiteElo "1737"]
[BlackElo "1783"]
[PlyCount "88"]

1. d4 d5 2. Nf3 Nf6 3. Bf4 e6 4. e3 c5 5. c3 Nc6 6. Bd3 Be7 7. Nbd2 O-O {
Diagram #} 8. h4 Re8 9. Ne5 cxd4 10. exd4 Nxe5 11. dxe5 Nd7 {Diagram #} 12.
Bxh7+ {What's the hurry? The Queen and Knight need time to develop, so Black
will have time to defend.} (12. Qh5 Nf8) (12. g4 Bxh4 13. g5 (13. Bg3 Bxg3 14.
Bxh7+ Kf8 15. fxg3 Qg5) 13... Bxg5 14. Qh5 (14. Bxh7+ Kf8) 14... Bxf4 15. Qxh7+
Kf8 16. Qh8+ Ke7 17. Qxg7) (12. Nf3 $142 {idea of g4, etc}) (12. Qc2 Nf8) 12...
Kxh7 13. Qh5+ Kg8 14. Nf3 g6 15. Qg4 Kg7 {Diagram #} 16. h5 Rh8 (16... Nf8 17.
hxg6 (17. h6+ Kh7) 17... Nxg6 18. Qh5 (18. Bh6+ Kg8) 18... Rh8 19. Bh6+ Kg8)
17. O-O-O {Diagram #} 17... b5 $2 (17... Nf8) 18. hxg6 fxg6 19. Rxh8 Qxh8 20.
Qxe6 $2 {Diagram #} 20... Qf8 $1 21. Be3 (21. Qxd5 $2 Qxf4+) (21. Qg4 $142 Nb6
22. Qg3 {Diagram # idea of Rh1,Bh6+}) 21... Nb6 22. Qc6 $2 Bd7 23. Qb7 {
Action along 7th rank toward King and the Bxb6 possibilities forces Black's
hand. Of course, all trades favor Black.} 23... Qc8 24. Qxc8 Rxc8 {Diagram #}
25. Bxb6 axb6 26. Rxd5 Bc6 27. Rd4 {Diagram #} 27... Bxf3 (27... Bc5 {
transposes to game} 28. Rd2 (28. Rf4 Bxf2 {idea of Be3+ forking}) 28... Rf8)
28. gxf3 Bc5 29. Rd2 Rf8 30. Rd7+ Rf7 ({Quicker is} 30... Kg8 31. e6 (31. b4
Bxf2 32. e6 Bh4 33. e7 Re8 {Diagram #} 34. Rd8 Kf7) 31... Rxf3 {Diagram #} 32.
e7 Kf7) 31. e6 Rxd7 32. exd7 Be7 33. Kc2 Kf6 34. Kd3 Ke6 35. b3 Kxd7 36. c4
bxc4+ 37. Kxc4 {Diagram #} 37... Bc5 (37... Kc6 38. Kd4 Bf6+ {Diagram #} 39.
Kc4 (39. Ke4 Kc5) 39... b5+ 40. Kb4 Be7+ 41. Kc3 b4+ $1) 38. b4 Bxf2 39. a4 Ke6
40. Kd3 {Diagram #} 40... Ke5 41. a5 bxa5 42. bxa5 Kf4 43. Ke2 {Diagram #}
43... Be3 44. a6 g5 0-1

[Event "Fermilab-Rooks"]
[Site "?"]
[Date "2002.10.29"]
[Round "?"]
[White "Ailes, Tim"]
[Black "Grundzinski, J."]
[Result "1-0"]
[WhiteElo "1608"]
[BlackElo "1429"]
[PlyCount "57"]

1. e4 e5 2. d4 exd4 3. Nf3 Bb4+ 4. c3 dxc3 5. bxc3 Bc5 6. Bc4 Qe7 7. O-O h6 8.
Bf4 Nf6 9. Bxc7 Nc6 10. e5 Ng4 11. Bd6 Bxd6 12. exd6 Qf6 13. Re1+ Kf8 14. h3
Nge5 15. Nxe5 Nxe5 16. Qe2 b6 17. Qxe5 Qxe5 18. Rxe5 Bb7 19. Re7 Bc6 20. Rxf7+
Ke8 21. Nd2 Kd8 22. Rxg7 Re8 23. Bf7 Rf8 24. Re1 Kc8 25. Nc4 Kb7 26. Ne5 Rad8
27. Ng6 Rxf7 28. Rxf7 Rg8 29. Nf4 1-0

[Event "Reader-GETCO"]
[Site "?"]
[Date "2002.12.17"]
[Round "?"]
[White "Lang, R."]
[Black "Sagalovsky, L."]
[Result "0-1"]
[WhiteElo "2098"]
[BlackElo "1962"]
[PlyCount "77"]

1. Nf3 d5 2. c4 c6 3. b3 Nf6 4. Bb2 Bf5 5. g3 e6 6. Bg2 h6 7. d3 Be7 8. Nbd2
Nbd7 9. O-O O-O 10. a3 a5 11. Qc2 Bh7 12. Bc3 c5 13. e4 d4 14. Bb2 Ng4 15. h3
Nge5 16. Nxe5 Nxe5 17. f4 Nc6 18. Nf3 Bd6 19. Bc1 Rb8 20. Bd2 Re8 21. g4 Qc7
22. Qc1 f5 23. gxf5 exf5 24. e5 Bf8 25. h4 b5 26. cxb5 Rxb5 27. Qc4+ Kh8 28.
Qxb5 Rb8 29. Qa4 Bg8 30. Ne1 Ne7 31. Bxa5 Qa7 32. Bd2 Qb6 33. Rb1 Nd5 34. Qd7
Be6 35. Qa4 Qd8 36. Nf3 Nc3 37. Bxc3 dxc3 38. Qa6 Rb6 39. Qa5 {
In another five moves, somehow Black got in Rg6+, following up with Qxa5} 0-1

[Event "GETCO-Reader"]
[Site "?"]
[Date "2002.12.17"]
[Round "?"]
[White "Rauchman, M."]
[Black "Braswell, I."]
[Result "0-1"]
[WhiteElo "1982"]
[BlackElo "1760"]
[PlyCount "83"]

1. e4 e5 2. Bc4 Bc5 3. Nc3 Nc6 4. Qg4 Qf6 5. Nb5 {Diagram #} 5... Qxf2+ (5...
Bxf2+ 6. Kd1 Bb6) 6. Kd1 Nf6 (6... Qf6 7. Nxc7+ Kd8 8. Nxa8 d5 {Diagram #} 9.
Qe2 dxc4 10. Qxc4 Be6 11. Qe2 (11. Qxc5 $4 Qf1#) 11... Nd4 (11... Kc8)) 7. Qxg7
Nd5 (7... Bb6 8. Qxh8+) (7... Rg8 8. Bxf7+) (7... Rf8 8. Nf3 {Diagram #} 8...
Bb6 $2 (8... Nxe4 9. Rf1) (8... Ng4 9. Qxg4 (9. Rf1 Qxg2) (9. Nxc7+ Kd8 10.
Nxa8 Qxg2 11. Rg1 Qxf3+) 9... d5 (9... Bb6 {
Diagram # /\d5 and providing c5 for a Queen retreat} 10. Rf1 (10. Qg7) 10... d5
11. Qg7 (11. Qxc8+ Rxc8 12. Rxf2 dxc4 $16) 11... Qc5 12. Bxd5) 10. Nxc7+ Kd8 {
Diagram #} 11. Qg5+ (11. Nxa8 Bxg4) 11... f6 (11... Kxc7 12. Rf1) 12. Qg7 dxc4
13. Nxa8) 9. Qxf6 Qxg2 10. Rg1) 8. exd5 (8. Bxd5 $4 Qf1#) 8... Bf8 (8... Rf8 9.
Nxc7+ (9. dxc6)) 9. Qxh8 Qxg2 {Diagram #} 10. dxc6 d6 11. cxb7 Bg4+ {Diagram #}
12. Ke1 Qxb7 13. Qf6 Qe4+ (13... Qxh1 14. Qxf7+ Kd8 15. Qxf8+ Kd7) 14. Ne2 Qxc4
15. d3 Qxc2 {Diagram #} {And now White grabs his King to play 0-0, which is
illegal. Since he touched King, had to move it...} 16. Kf2 Qxe2+ 17. Kg3 Be7 {
Diagram #} 18. Qh8+ Kd7 $2 (18... Bf8 $1 {Diagram #} 19. Bh6 $4 Qf3+ 20. Kh4
Qh3+ 21. Kg5 Qh5+ 22. Kf6 Qxh6#) 19. Qxa8 h5 20. h4 Qxd3+ 21. Kh2 d5 22. Qxa7 {
Diagram #} 22... Qc2+ 23. Kg3 Qc4 24. Qa5 Bg5 25. Bxg5 f6 {Diagram #} 26. Bh6 (
26. Bxf6 Qf4+ $11) 26... Qc2 27. Rh2 Qd3+ 28. Kf2 Qf3+ 29. Kg1 {Diagram #}
29... Bh3 30. a4 Qg3+ 31. Kh1 Bf5 32. Re2 {Diagram # White must have flagged}
32... Be4+ 33. Rxe4 $1 Qf3+ 34. Kg1 (34. Kh2 Qf2+ (34... Qxe4 35. Qxc7+) 35.
Kh1 Qf3+ $11) 34... Qg3+ 35. Kf1 Qf3+ 36. Ke1 Qxe4+ 37. Kd2 {
The King will find safety Queenside} 37... Qg2+ 38. Kc3 Qg3+ 39. Kb4 (39. Kc2
$2 Qg6+ 40. Kb3 Qxh6 41. Qxc7+) 39... Qxh4+ 40. Ka3 Qg3+ 41. b3 {Diagram #}
41... e4 (41... h4 $4 42. Qxc7+ Ke6 {Diagram #} (42... Ke8 43. Nd6#) 43. Nd4+
$1 exd4 44. Qxg3 hxg3 45. Rg1) 42. Rc1 0-1

[Event "GETCO-Reader"]
[Site "?"]
[Date "2002.12.17"]
[Round "?"]
[White "Kratka, Milan"]
[Black "Marsh, Michael"]
[Result "1-0"]
[WhiteElo "1665"]
[BlackElo "1222"]
[PlyCount "41"]

1. e4 c5 2. c3 d6 3. d4 cxd4 4. cxd4 Nf6 5. Nc3 e6 6. Bg5 Be7 7. e5 dxe5 8.
dxe5 Nfd7 9. Bxe7 Qxe7 10. f4 a6 11. Nge2 O-O 12. g3 Rd8 13. Qc2 Nc6 14. a3 b6
15. Bg2 Bb7 16. O-O Nf8 17. Rac1 Nd4 18. Nxd4 Bxg2 19. Qxg2 Qc5 20. Nce2 Qe7
21. Nc6 1-0

[Event "Reader-GETCO"]
[Site "?"]
[Date "2002.12.17"]
[Round "?"]
[White "Broihier, Matt"]
[Black "Lansing, Jon"]
[Result "0-1"]
[WhiteElo "1117"]
[BlackElo "1509"]
[PlyCount "88"]

1. c4 Nf6 2. g3 d6 3. Bg2 c5 4. Nc3 g6 5. b3 Bg7 6. Bb2 O-O 7. Rb1 Nc6 8. h3 e6
9. e3 Ne7 10. Nge2 d5 11. cxd5 exd5 12. d4 Bf5 13. Rc1 b6 14. O-O h5 15. Nf4
Be6 16. Re1 Rc8 17. Ba1 Qd7 18. Kh2 Rfd8 19. Nxe6 fxe6 20. Kg1 Rf8 21. h4 Ng4
22. Re2 Nf5 23. dxc5 Rxc5 24. Na4 Rxc1 25. Qxc1 Rc8 26. Qd1 Qb5 27. Bxg7 Kxg7
28. Bh3 Ne5 29. Bxf5 exf5 30. Rc2 Rxc2 31. Qxc2 Qc6 32. Qb2 Kf6 33. f4 Ke6 34.
Qxe5+ Kf7 35. Nc3 Qc5 36. Qxd5+ Qxd5 37. Nxd5 Ke6 38. Nc3 Kd6 39. Kf2 Kc5 {
WHITE FLAGGED, but Black played on for practice...} 40. Ke2 a5 41. Kd3 b5 42.
e4 fxe4+ 43. Nxe4+ Kd5 44. Nc3+ Kc5 0-1